Evolve! : Succeeding in the digital culture of tomorrow

Contents: Alice in Tomorrowland: Will the Young Lead the Way? ; Waves of Raves: Strategy as Improvisational Theater; Connecting the Dots: Nurturing Networks of Partners; From Cells to Communities: Deconstructing and Reconstructing the Organization; On Track to Tomorrow: Getting Change Rolling

Shranjeno v:
Bibliografske podrobnosti
Glavni avtor: Kanter, Rosabeth Moss
Format: Knjiga
Jezik:Undetermined
Izdano: Boston Harvard Business School Press 2001
Teme:
Oznake: Označite
Brez oznak, prvi označite!
Thư viện lưu trữ: Trung tâm Học liệu Trường Đại học Cần Thơ
LEADER 00970nam a2200217Ia 4500
001 CTU_221780
008 210402s9999 xx 000 0 und d
082 |a 658.4062 
082 |b K16 
100 |a Kanter, Rosabeth Moss 
245 0 |a Evolve! : 
245 0 |b Succeeding in the digital culture of tomorrow 
245 0 |c Rosabeth Moss Kanter 
260 |a Boston 
260 |b Harvard Business School Press 
260 |c 2001 
520 |a Contents: Alice in Tomorrowland: Will the Young Lead the Way? ; Waves of Raves: Strategy as Improvisational Theater; Connecting the Dots: Nurturing Networks of Partners; From Cells to Communities: Deconstructing and Reconstructing the Organization; On Track to Tomorrow: Getting Change Rolling 
650 |a Information technology,Internet,Công nghệ thông tin,Internet 
650 |x Economic aspects,Khía cạnh kinh tế 
904 |i my, tien, Trúc 
980 |a Trung tâm Học liệu Trường Đại học Cần Thơ